<?xml version="1.0" encoding="UTF-8"?>
<collection xmlns="http://www.loc.gov/MARC21/slim">
<record>
  <controlfield tag="001">77098</controlfield>
  <controlfield tag="005">20210520140807.0</controlfield>
  <datafield tag="037" ind1=" " ind2=" ">
    <subfield code="a">TESIS-2019-053</subfield>
  </datafield>
  <datafield tag="041" ind1=" " ind2=" ">
    <subfield code="a">spa</subfield>
  </datafield>
  <datafield tag="080" ind1=" " ind2=" ">
    <subfield code="a">55</subfield>
  </datafield>
  <datafield tag="100" ind1="1" ind2=" ">
    <subfield code="a">Ezquerro Ruiz, Lope</subfield>
  </datafield>
  <datafield tag="245" ind1="0" ind2="0">
    <subfield code="a">El sector norte de la cuenca neógena de Teruel: tectónica, clima y sedimentación</subfield>
  </datafield>
  <datafield tag="260" ind1=" " ind2=" ">
    <subfield code="a">Zaragoza</subfield>
    <subfield code="b">Universidad de Zaragoza, Prensas de la Universidad</subfield>
    <subfield code="c">2017</subfield>
  </datafield>
  <datafield tag="300" ind1=" " ind2=" ">
    <subfield code="a">470</subfield>
  </datafield>
  <datafield tag="490" ind1="0" ind2=" ">
    <subfield code="a">Tesis de la Universidad de Zaragoza</subfield>
    <subfield code="v">2019-33</subfield>
    <subfield code="x">2254-7606</subfield>
  </datafield>
  <datafield tag="500" ind1=" " ind2=" ">
    <subfield code="a">Presentado:  13 09 2017</subfield>
  </datafield>
  <datafield tag="502" ind1=" " ind2=" ">
    <subfield code="a">Tesis-Univ. Zaragoza, Ciencias de la Tierra, 2017</subfield>
    <subfield code="b">Zaragoza, Universidad de Zaragoza</subfield>
    <subfield code="c">2017</subfield>
  </datafield>
  <datafield tag="506" ind1=" " ind2=" ">
    <subfield code="a">by-nc</subfield>
    <subfield code="b">Creative Commons</subfield>
    <subfield code="c">3.0</subfield>
    <subfield code="u">https://creativecommons.org/licenses/by-nc/3.0/</subfield>
  </datafield>
  <datafield tag="520" ind1=" " ind2=" ">
    <subfield code="a">El análisis de cuencas hace referencia al estudio integrado de las cuencas sedimentarias a partir de los rasgos estratigráficos de los materiales que constituyen su relleno, junto con datos estructurales, petrológicos, geoquímicos... (Allen y Allen, 2005). La finalidad última del análisis de cuencas es conocer la geometría, génesis y evolución de estas zonas de acumulación, fundamentalmente a través de la localización espacial y temporal de las unidades sedimentarias diferenciables en el relleno, y discriminar los factores alocíclicos (eustatismo, tectónica y clima, fundamentelmente) que controlaron la sedimentación. El estudio de cuencas extensionales intracontinentales tiene ciertas peculiaridades que derivan del hecho de que el eustatismo no actúa como factor de control en su desarrollo y evolución. El análisis de este tipo de cuencas proporciona también una valiosa información para la investigación y aprovechamiento de una amplia variedad de recursos naturales asociados a ellas (e.g. carbón, rocas industriales) que son consecuencia directa de los procesos sedimentarios y tectónicos involucrados en su evolución. Además, estas cuencas presentan márgenes activos potencialmente sismogénicos, por lo que un estudio integrado puede contribuir a valorar y mitigar el riesgo sísmico en dichas zonas. &lt;br />La Cuenca de Teruel constituye una depresión intramontañosa alargada de más de 100 km de longitud y una anchura media de 15 km, de orientación NNE-SSW (Fig. 1.1). Es una cuenca extensional intraplaca con relleno neógeno-cuaternario definida por fallas normales con la misma dirección, y que corta transversalmente las estructuras compresivas alpinas de la Cordillera Ibérica, esencialmente paleógenas (de directriz general NW-SE o Ibérica) (Vegas et al., 1979; Moissenet, 1982; Simón, 1983). A pesar de que existen aportaciones previas tanto desde los campos de la estratigrafía como de la tectónica, la geomorfología o la paleontología, no existen estudios en ella a escala de cuenca que reúnan que combinen la información de todas estas disciplinas y expliquen convenientemente su evolución estructural ni la evolución genética del relleno neógeno-cuaternario. De hecho, las interpretaciones propuestas a partir de cada uno de estos campos del conocimiento han llevado en ocasiones a la aparición de algunas controversias como, por ejemplo, sobre el propio origen, tectónico o erosional, de las fosas de Teruel o Jiloca (Simón 1983; Casas y Cortés, 2002, Gracia et al. 2003). &lt;br />La finalidad de esta Tesis es establecer mediante un enfoque multidisciplinar (estratigráficosedimentológico, estructural, geomorfológico...), aunque especialmente centrado en el estudio de su relleno sedimentario y de la arquitectura estratigráfica, un modelo integrado de evolución durante el Mioceno superior-Pleistoceno del sector norte de la Cuenca de Teruel (desde el sur de la localidad de Teruel hasta el extremo septentrional de la cuenca, Fig. 1.1). A partir de la caracterización de la arquitectura estratigráfica de los depósitos, también se persigue valorar el papel jugado por la tectónica y el clima en el desarrollo y relleno de esta cuenca extensional, así como establecer su evolución paleogeográfica y estructural. Es por ello que este trabajo se centra, en primer lugar, en la caracterización y definición de unidades genéticas medinate la metodología del Análisis Tectosedimentario (Garrido Megías, 1982; González et al., 1988 y Pardo et al., 1989).&lt;br /></subfield>
  </datafield>
  <datafield tag="520" ind1=" " ind2=" ">
    <subfield code="a">&lt;br /></subfield>
  </datafield>
  <datafield tag="521" ind1=" " ind2=" ">
    <subfield code="9">7077</subfield>
    <subfield code="a">Programa de Doctorado en Geología</subfield>
  </datafield>
  <datafield tag="653" ind1="1" ind2=" ">
    <subfield code="a">estratigrafia</subfield>
  </datafield>
  <datafield tag="653" ind1="1" ind2=" ">
    <subfield code="a">sedimentologia</subfield>
  </datafield>
  <datafield tag="653" ind1="1" ind2=" ">
    <subfield code="a">tectonica</subfield>
  </datafield>
  <datafield tag="653" ind1="1" ind2=" ">
    <subfield code="a">paleoclimatologia</subfield>
  </datafield>
  <datafield tag="700" ind1=" " ind2=" ">
    <subfield code="a">Simón Gómez, José Luis</subfield>
    <subfield code="e">dir.</subfield>
  </datafield>
  <datafield tag="700" ind1=" " ind2=" ">
    <subfield code="a">Luzón Aguado, María Aránzazu</subfield>
    <subfield code="e">dir.</subfield>
  </datafield>
  <datafield tag="700" ind1=" " ind2=" ">
    <subfield code="a">Liesa Carrera, Carlos Luis</subfield>
    <subfield code="e">dir.</subfield>
  </datafield>
  <datafield tag="710" ind1="2" ind2=" ">
    <subfield code="a">Universidad de Zaragoza</subfield>
    <subfield code="b">Ciencias de la Tierra</subfield>
  </datafield>
  <datafield tag="830" ind1=" " ind2=" ">
    <subfield code="9">489</subfield>
  </datafield>
  <datafield tag="856" ind1="0" ind2=" ">
    <subfield code="f">tdr@unizar.es</subfield>
  </datafield>
  <datafield tag="856" ind1="4" ind2=" ">
    <subfield code="u">http://zaguan.unizar.es/record/77098/files/TESIS-2019-053.pdf</subfield>
    <subfield code="z">Texto completo (spa)</subfield>
  </datafield>
  <datafield tag="909" ind1="C" ind2="O">
    <subfield code="o">oai:zaguan.unizar.es:77098</subfield>
    <subfield code="p">driver</subfield>
    <subfield code="p">tesis</subfield>
  </datafield>
  <datafield tag="910" ind1="2" ind2=" ">
    <subfield code="b">Ciencias de la Tierra</subfield>
  </datafield>
  <datafield tag="980" ind1=" " ind2=" ">
    <subfield code="a">TESIS</subfield>
  </datafield>
</record>
</collection>